LIBRARY & INFORMATION CENTRE, KCAET, TAVANUR

ONLINE PUBLIC ACCESS CATALOGUE (OPAC)

Bioinformatics Tools and Applications (Record no. 14439)

MARC details
000 -LEADER
fixed length control field 00292nam a22001217a 4500
020 ## - INTERNATIONAL STANDARD BOOK NUMBER
ISBN 9789382036241
082 ## - DEWEY DECIMAL CLASSIFICATION NUMBER
Classification number 574.0285
Item number SAD/BI
100 ## - MAIN ENTRY--AUTHOR NAME
Personal name Sadhana Singh
245 ## - TITLE STATEMENT
Title Bioinformatics Tools and Applications
260 ## - PUBLICATION, DISTRIBUTION, ETC. (IMPRINT)
Place of publication New Delhi
Name of publisher Black Prints
Year of publication 2013
300 ## - PHYSICAL DESCRIPTION
Number of Pages 255
942 ## - ADDED ENTRY ELEMENTS (KOHA)
Koha item type Books
Holdings
Withdrawn status Lost status Damaged status Collection code Home library Current library Shelving location Date acquired Source of acquisition Cost, normal purchase price Full call number Accession Number Koha item type
        KAUAET KAUAET General Stacks 01/07/2016 Ajith Book Stall, Cochin 775.00 574.0285 SAD/BI 23809 Books
free website counter